000 00352nam a2200133Ia 4500
008 151021s9999 xx 000 0 und d
020 _a9966969217
050 _aPR9381 .K24 2006
245 _a_The devil you know Mathew Adams Karauri
260 _aNairobi Karma 2006
300 _a149p.
650 _a_Novel
980 _a^d20131007 04:42:35^oanne
999 _c14402
_d14402